000 01991cam a2200181 4500500
005 20260111104737.0
041 _afre
042 _adc
100 1 0 _aDen Boer, Monica
_eauthor
700 1 0 _aBruggeman, Willy
_eauthor
245 0 0 _aShifting gear : Europol in the contemporary policing era
260 _c2007.
500 _a4
520 _aHaving presented the genealogy of Europol, and thus the paradigm within which its representatives have developed their mission, mandate and strategy, this article then highlights a number of challenges this body now faces. The organization’s legitimacy deficit is of prime importance. At the same time, shifts in national policing and law enforcement practices are also having considerable impact upon Europol’s objectives and working methods. Overall, the article presents an inventory of the policy shifts that Europol has experienced, before setting out different scenarios actors are currently envisaging as possible paths for the future.
520 _aChangement d'orientation : Europol à l'ère contemporaine des polices Après avoir présenté la généalogie d'Europol, et donc le paradigme dans lequel ses représentants ont développé leurs mission, mandat et stratégie, cet article souligne certains défis auxquels cette organisation doit faire face. Son déficit de légitimité est de première importance. En même temps, les déplacements dans les pratiques et organisations policières nationales ont aussi un impact considérable sur les objectifs d'Europol et ses méthodes de travail. Dans l'ensemble, cet article présente un inventaire des changements qu'Europol a dû affronter, avant de présenter les différents scénarios que les acteurs envisagent actuellement comme de possibles développements pour le futur.
786 0 _nPolitique européenne | 23 | 3 | 2007-12-01 | p. 77-91 | 1623-6297
856 4 1 _uhttps://shs.cairn.info/journal-politique-europeenne-2007-3-page-77?lang=en&redirect-ssocas=7080
999 _c1631167
_d1631167